000 00754nam a2200217 a 4500
003 0
005 20250605131349.0
008 021121s19uu xx 00 eng d
010 _a-
050 _aPGS RC 931.O7
_b.Sh558 2000
100 _aShiratori, Risa B.
245 4 _aThe awareness of Southville International School women employees on osteoporosis /
_cRisa B. Shiratori.
260 _aLas PiƱas City, Philippines :
_bSouthville International School and Colleges,
_c2000.
300 _a24 pages :
_billustrations ;
_c28 cm.
504 _aIncludes bibliographical references.
650 _aOsteoporosis
_vPublic opinion.
650 _aOsteoporosis.
650 _aHealth education.
650 _aWomen
_vHealth and hygiene.
942 _2lcc
_cPASS
999 _c96334
_d96334